banner-ar

POST - SECONDARY AVIATION AND SPACE EDUCATION REFERNCE GUIDE / (Record no. 15414)

MARC details
000 -الفاتح
حقل البيانات ثابتة الطول 00546nam a2200181Ia 4500
008 - عناصر البيانات ثابتة الطول - معلومات عامة
حقل البيانات ثابتة الطول 140319s9999 xx 000 0 eng d
040 ## - مصدر الفهرسة
وكالة الفهرسة الأصلية GCL /
وكالة النسخ GCL
082 04 - رقم تصنيف ديوى العشرى
رقم التصنيف 629.13007
رقم المادة S P
100 1# - المدخل الرئيسى - إسم شخصى
الإسم الشخصى SCHUKERT, MICHAEL
245 10 - بيان العنوان
العنوان POST - SECONDARY AVIATION AND SPACE EDUCATION REFERNCE GUIDE /
بيان المسئوليه,etc SCHUKERT, MICHAEL
260 ## - PUBLICATION, DISTRIBUTION, ETC. (IMPRINT)
تاريخ النشر أو التوزيع 1992
300 ## - الوصف المادى
التعداد 89 P
650 04 - المدخل الاضافى بالموضوع-مصطلح موضوعى
مصطلح موضوعي AVIATION
650 04 - المدخل الاضافى بالموضوع-مصطلح موضوعى
مصطلح موضوعي AERONAUTICS - UNITED STATES
650 04 - المدخل الاضافى بالموضوع-مصطلح موضوعى
مصطلح موضوعي AERONAUTICS - STUDY AND TEACHING
942 ## - عناصر المدخل الإضافي( كوها)
مصدر التصنيف او مخطط الترفيف Dewey Decimal Classification
Koha [default] item type كتاب
260 ## - PUBLICATION, DISTRIBUTION, ETC. (IMPRINT)
-- [S.N] :
-- FEDRAL AVIATION ADMINISTRATION ،
Holdings
حالة التراجع حالة الفقد حالة تلف ليس للاعارة المكان المؤقت الموقع الحالى تاريخ الاكتساب اجمالي اﻻعارات رقم الطلب الباركود تاريخ اخر مشاهدة تاريخ تفعيل السعر نوع وعاء كوها
        مكتبة القاهرة الكبرى مكتبة القاهرة الكبرى 03/26/2014   629.13007\S P 28550 03/26/2014 03/26/2014 كتاب

Powered By

EGPV